000
00310nam a2200133Ia 4500
008
240624s9999 xx 000 0 und d
041
_a
eng
082
_a
823 MER
100
_a
MERRIDALE CATHERINE
245
_a
LENIN ON THE TRAIN
260
_a
New Delhi
_b
Penguine
300
_a
151 p.; 20 cm.
365
_c
RS
999
_c
29190
_d
29190